共通テスト 大学以外の試験会場 - Statistics

General Stats
  • This quiz has been taken 7 times
  • The average score is 3 of 19
Answer Stats
Hint Answer % Correct
北海道 札幌市 北海道札幌北高等学校試験場
80%
島根県 隠岐の島町 県立隠岐高等学校試験場
40%
青森県 むつ市 青森県立田名部高等学校試験場
20%
秋田県 大館市 県立大館国際情報学院高等学校試験場
20%
山形県 鶴岡市 県立鶴岡中央高等学校試験場
20%
福島県 南相馬市 県立原町高等学校試験場
20%
埼玉県 さいたま市 県立浦和高等学校試験場
20%
東京都 千代田区 駿台予備学校お茶の水
20%
愛知県 一宮市 私立大成高等学校試験場
20%
京都府 京丹後市 京都府立峰山高等学校試験場
20%
福岡県 福岡市 私立東福岡高等学校試験場
20%
鹿児島県 奄美市 県立大島高等学校試験場
20%
鹿児島県 鹿屋市 鹿児島県立鹿屋高等学校試験場
20%
静岡県 富士市 県立富士高等学校試験場
0%
静岡県 静岡市 県立清水東高等学校試験場
0%
静岡県 沼津市 桐陽高等学校試験場
0%
愛知県 名古屋市 名古屋市立桜台高等学校試験場
0%
沖縄県 石垣市 県立八重山高等学校試験場
0%
沖縄県 那覇市 沖縄県立那覇国際高等学校試験場
0%
No matching quizzes found
Score Distribution
Percent of People with Each Score
Percentile by Number Answered
Your Score History
You have not taken this quiz